000 00452nam a2200157 i 4500
001 35094
003 ES-MaACL
005 20230906155044.0
007 t|
008 030212s1943 ag ||||1| spa d
100 1 _aBorda, Julio M.
_930375
245 1 0 _aTratamiento de la amiliasis crónica /
_cpor Julio M. Borda.
260 _aBuenos Aires :
_bAniceto López,
_c1943.
300 _a122 p. :
_bil. ;
_c23 cm.
852 _aES-MaACL
_j1856-F-14
_bR.22464
999 _c35094
_d35094